00458nam a2200145Ia 450000500170000000800460001703700120006304000210007504100130009608400190010924500590012824500260018726000900021330000090030320250508151650.0008 250505s9999 xx 000 0 eng d aTextual aFEDL bengcFEDL aeng2eng a379, UNEqFEDL 0a17th International conference on public education 1954 0cUNESCO (Paris France) aParis, FrancebUnited Nations Educational, Scientific and Cultural Organizationc1954 a117p